00590nam a2200193 a 4500020001800000082001500018100001800033245005500051260004900106300000900155500003500164505001000199650002300209650001300232700001800245942000700263952011100270999001500381 a0691918 00a200.1bSMA aSmart, Ninian aScience of Religion and the Sociology of Knowledge aPrincetonbPrinceton University Press c1973 a164p aincludes index and biblioraphy2 aIndex aChristian-Theology aTheology1 aSmart, Ninian cBK 00104070aHMIbHMId2007-06-12g882.00l6m2o200.1 SMAp015021r2024-03-27s2024-03-18w2026-01-16yBK c9705d9705